000 01241nam a2200313 i 4500
003 EG-GICUC
005 20260411181620.0
008 260411s2017 ||| |||fr|||| 00| 0 ara d
040 _a EG-GICUC
_bara
_c EG-GICUC
_d EG-GICUC
_erda
041 _aAra
082 0 4 _221
_a343.435
_bإ ع
092 0 4 _221
099 _aLaw1 10 343.435 إ ع2017
245 1 2 _aالإعلام الإلكترونى (Madias électroniques) وآثاره السلبية على السلوك الإجرامى ودوره للحد من جرائم ارهاب العالمى /
_cإعداد أشرف مسعد أبو ريد.
264 1 _a[مكان النشر غير محدد] :
_b[الناشر غير محدد]،
_c2017.
300 _a68 ؛صفحة
_c24 سم.
336 _2rda content
_atext
337 _2rda media
_aComputer
338 _2rda carrier
_aOnline Resource
504 _a56 - 65 ببليوجرافيا: صفحات.
546 _aالنص باللغة العربية
650 1 _aالإرهاب
_2qrmak
650 1 _aالقانون الجنائى
_2qrmak
651 1 _2qrmak
700 _aأشرف مسعد أبو ريد
_eمعد.
856 4 0 _uhttps://fll.law.cu.edu.eg/fulltext/bks/B10-06744.pdf
905 _a54
942 _2ddc
_cBK
_e21
_n0
999 _c70117
_d70117